Advanced technology for monitoring and processing global environmental data : proceedings of the International Conference of the Remote Sensing Society and the Center for Earth Resources Management held in the University of London 9-12th September, 1985

Αποθηκεύτηκε σε:
Λεπτομέρειες βιβλιογραφικής εγγραφής
Συλλογικό Έργο: International Conference of the Remote Sensing Society and the Center for Earth Resources Management : University of London, Remote Sensing Society, Center for Earth Resources Management
Μορφή: Πρακτικό Συνεδρίου Βιβλίο
Γλώσσα:English
Δημοσίευση: Reading : Remote Sensing Society, c1985
Θέματα:
Ετικέτες: Προσθήκη ετικέτας
Δεν υπάρχουν, Καταχωρήστε ετικέτα πρώτοι!

MARC

LEADER 00000nam a2200000 i 4500
001 1/67453
008 931104s1985 eng d
020 |a 0-946226-06-7 
035 |a ΛΕΣΒΟΣb10001901  |l 10001901 
040 |a GR-MY-UA  |b gre  |e aacr 
041 0 |a eng 
082 0 |a 333.7 
111 2 |a International Conference of the Remote Sensing Society and the Center for Earth Resources Management  |d (1985  |c : University of London) 
245 1 0 |a Advanced technology for monitoring and processing global environmental data :  |b proceedings of the International Conference of the Remote Sensing Society and the Center for Earth Resources Management held in the University of London 9-12th September, 1985 /  |c Conference sponsored by Center for Earth Resources Management ... [ et al.]. 
260 |a Reading :   |b Remote Sensing Society,   |c c1985 
300 |a 571 p.  |b tables; fig. 
504 |a Includes bibliographical references and index 
650 0 0 |a Geography  |x Remote sensing. 
650 0 0 |a Geology  |x Remote sensing. 
710 2 |a Remote Sensing Society. 
710 2 |a Center for Earth Resources Management. 
852 |a INST  |b LESVOS  |e 19931104  |h 333.7 ADV  |p 005100004310  |q 005100004310  |t BK  |y 0 
909 |a Λ  |b 016809